LEADER 00568naa a2200145 i 4500 001 000000300216 003 CaOOAMICUS 005 20180831172659.0 008 180831n xx u000 u und u 013 $a7885 040 $aSeMil$bita 100 1 $aRiccardi, Andrea,$d<1950- >.$0(OLS)http://semarc/name/11768 245 10$aDalle Chiese di Pio 12. alla Chiesa italiana. 773 0 $tVescovo italiano del Concilio, Enrico Bartoletti, 1916-1976.$dGenova : Marietti, 1988.$z88-211-9985-1$w()34454 996 $6245$aDalle Chiese di Pio 12. alla Chiesa italiana$9(OLS)http://semarc/title/376232 LEADER 01043nam a2200217 i 4500 001 000000065825 003 CaOOAMICUS 005 20131121000000.0 008 131121s1936 it u000 u ita u 013 $a36997 040 $aSeMil$bita 100 1 $aHorváth, Alessandro .$0(OLS)http://semarc/name/33086 245 13$aLa sintesi scientifica di San Tomaso d'Aquino /$cDr. P. Alessandro Horváth , O. P. Prof. di Teologia nella Universitŕ di Friburgo ; Edizione italiana riveduta dall'Autore a cura del P. Ceslao Pera , O. P. 260 $aTorino ; Roma :$bMarietti,$c1936. 300 $aXV, 561 p. ;$c21 cm. 600 04$aTommaso : d'Aquino .$0(OLS)http://semarc/subject/115 700 1 $aPera, Ceslao .$0(OLS)http://semarc/name/15148 850 $aSeMil 852 $aSeMil$W1$xVenegono$y1$m2N II 25$j31978$B31978$CSeMilBibl$Z2$F31981 $81 996 $6245$aLa sintesi scientifica di San Tomaso d'Aquino$9(OLS)http://semarc/title/104553 996 $6260$aTorino ; Roma :$bMarietti$9(OLS)http://semarc/publisher/32636